[Event "94th Tradewise Hastings Congress"]
[Site "Hastings"]
[Date "2019.01.05"]
[Round "9"]
[White "Stoyanov, Viktor"]
[Black "Brown, Thomas"]
[Result "1-0"]
[WhiteElo "2205"]
[BlackElo "2068"]
[Annotator "NA"]
[PlyCount "99"]
[EventDate "2018.12.28"]
[EventType "swiss"]
[EventCountry "ENG"]
[SourceTitle "playchess.com"]
[Source "ChessBase"]
[SourceQuality "1"]
[TimeControl "40/6000+30:3000+30"]

1. d4 {[%emt 0:02:36]} g6 {[%emt 0:00:00]} 2. Nf3 {[%emt 0:00:04]} Bg7 {[%emt 0:00:00]} 3. e4 {[%emt 0:00:04]} d6 {[%emt 0:00:00]} 4. Bd3 {[%emt 0:00:33]} Nf6 {[%emt 0:00:47]} 5. Nbd2 {[%emt 0:00:14]} O-O {[%emt 0:00:21]} 6. O-O {[%emt 0:00:06]} Nc6 {[%emt 0:00:31]} 7. c3 {[%emt 0:00:06]} e5 {[%emt 0:01:14]} 8. dxe5 {[%emt 0:01:17]} Nxe5 {[%emt 0:01:49]} 9. Nxe5 {[%emt 0:00:26]} dxe5 {[%emt 0:00:06]} 10. Nc4 {[%emt 0:00:10]} Qe7 {[%emt 0:02:27]} 11. f3 {[%emt 0:04:02]} Rd8 {[%emt 0:07:09]} 12. Be3 {[%emt 0:05:09]} Be6 {[%emt 0:07:53]} 13. Qe2 {[%emt 0:02:30]} Nd7 {[%emt 0:10:34]} 14. b4 {[%emt 0:00:30]} Bxc4 {[%emt 0:00:26]} 15. Bxc4 {[%emt 0:00:05]} a5 {[%emt 0:06:13]} 16. a3 {[%emt 0:02:03]} axb4 {[%emt 0:04:43]} 17. axb4 {[%emt 0:00:52]} Nf8 {[%emt 0:06:32]} 18. Ra2 {[%emt 0:27:21]} Ne6 {[%emt 0:08:14]} 19. g3 {[%emt 0:01:31]} Kh8 {[%emt 0:07:56]} 20. Rd1 {[%emt 0:04:19]} f5 {[%emt 0:10:27]} 21. Rxd8+ {[%emt 0:03:48]} Rxd8 {[%emt 0:00:36]} 22. Rd2 {[%emt 0:00:11]} Rxd2 {[%emt 0:09:41]} 23. Qxd2 {[%emt 0:00:05]} f4 {[%emt 0:01:16]} 24. Bf2 {[%emt 0:01:18]} Ng5 {[%emt 0:04:11]} 25. Kg2 {[%emt 0:00:35]} fxg3 {[%emt 0:01:17]} 26. hxg3 {[%emt 0:00:38]} Qf6 {[%emt 0:02:43]} 27. Be2 {[%emt 0:01:05]} h6 {[%emt 0:04:11]} 28. Qd7 {[%emt 0:02:08]} Qe6 {[%emt 0:02:55]} 29. Qxe6 {[%emt 0:03:03]} Nxe6 {[%emt 0:00:08]} 30. Bc4 {[%emt 0:00:06]} Ng5 {[%emt 0:02:17]} 31. Bc5 {[%emt 0:01:06]} Bf6 {[%emt 0:02:55]} 32. Bd5 {[%emt 0:01:36]} c6 {[%emt 0:00:56]} 33. Bb3 {[%emt 0:00:46]} Kg7 {[%emt 0:00:32]} 34. Kf2 {[%emt 0:00:13]} h5 {[%emt 0:02:19]} 35. Bc4 {[%emt 0:00:38]} Nf7 {[%emt 0:01:52]} 36. b5 {[%emt 0:03:01]} cxb5 {[%emt 0:00:09]} 37. Bxb5 {[%emt 0:00:06]} Nd8 {[%emt 0:01:23]} 38. Bc4 {[%emt 0:00:17]} g5 {[%emt 0:01:00]} 39. Bd5 {[%emt 0:01:54]} h4 {[%emt 0:00:38]} 40. Kg2 {[%emt 0:00:53]} hxg3 {[%emt 0:00:54]} 41. Kxg3 {[%emt 0:50:05]} Nc6 {[%emt 0:05:24]} 42. Kg4 {[%emt 0:00:00]} Kg6 {[%emt 0:00:10]} 43. Bd6 {[%emt 0:00:00]} Nd8 {[%emt 0:05:42]} 44. Bc5 {[%emt 0:00:00]} Nc6 {[%emt 0:00:12]} 45. Be6 {[%emt 0:00:00]} Be7 {[%emt 0:03:40]} 46. Be3 {[%emt 0:00:00]} Nd8 {[%emt 0:04:22]} 47. Bd7 {[%emt 0:00:00]} Nf7 {[%emt 0:02:58]} 48. Be8 {[%emt 0:00:00]} b5 {[%emt 0:06:11]} 49. Bxf7+ {[%emt 0:00:00]} Kxf7 {[%emt 0:00:14]} 50. Kf5 {[%emt 0:00:00]} 1-0

[Event "94th Tradewise Hastings Congress"]
[Site "Hastings"]
[Date "2019.01.05"]
[Round "9"]
[White "Sumit, Kumar"]
[Black "Miller, Dominic"]
[Result "0-1"]
[WhiteElo "2179"]
[BlackElo "2061"]
[Annotator "NA"]
[PlyCount "76"]
[EventDate "2018.12.28"]
[EventType "swiss"]
[EventCountry "ENG"]
[SourceTitle "playchess.com"]
[Source "ChessBase"]
[SourceQuality "1"]
[TimeControl "40/6000+30:3000+30"]

1. e4 {[%emt 0:00:00]} c5 {[%emt 0:00:33]} 2. Nf3 {[%emt 0:00:00]} e6 {[%emt 0:00:04]} 3. d3 {[%emt 0:00:04]} Nc6 {[%emt 0:00:05]} 4. g3 {[%emt 0:00:05]} g6 {[%emt 0:00:13]} 5. Bg2 {[%emt 0:00:14]} Bg7 {[%emt 0:00:14]} 6. O-O {[%emt 0:00:10]} Nge7 {[%emt 0:00:39]} 7. Re1 {[%emt 0:00:16]} d6 {[%emt 0:00:15]} 8. c3 {[%emt 0:00:25]} e5 {[%emt 0:00:10]} 9. a3 {[%emt 0:00:33]} O-O {[%emt 0:00:16]} 10. b4 {[%emt 0:00:11]} a6 {[%emt 0:02:09]} 11. Nbd2 {[%emt 0:00:57]} h6 {[%emt 0:07:33]} 12. Bb2 {[%emt 0:05:36]} Be6 {[%emt 0:00:24]} 13. Nf1 {[%emt 0:08:54]} b6 {[%emt 0:10:55]} 14. Ne3 {[%emt 0:07:12]} f5 {[%emt 0:06:49]} 15. exf5 {[%emt 0:10:00]} gxf5 {[%emt 0:00:37]} 16. d4 {[%emt 0:21:48]} cxd4 {[%emt 0:01:36]} 17. cxd4 {[%emt 0:02:29]} e4 {[%emt 0:01:51]} 18. Nh4 {[%emt 0:01:45]} d5 {[%emt 0:04:15]} 19. Bh3 {[%emt 0:02:55]} Qd7 {[%emt 0:01:36]} 20. Neg2 {[%emt 0:04:32]} f4 {[%emt 0:18:10]} 21. Bxe6+ {[%emt 0:00:42]} Qxe6 {[%emt 0:00:57]} 22. Nxf4 {[%emt 0:04:21]} Rxf4 {[%emt 0:00:05]} 23. gxf4 {[%emt 0:00:05]} Rf8 {[%emt 0:00:16]} 24. f5 {[%emt 0:06:05]} Nxf5 {[%emt 0:02:11]} 25. Qg4 {[%emt 0:00:36]} Rf6 {[%emt 0:02:08]} 26. Kh1 {[%emt 0:00:54]} Nxh4 {[%emt 0:03:42]} 27. Qxh4 {[%emt 0:00:08]} Qf5 {[%emt 0:20:03]} 28. Qg3 {[%emt 0:10:33]} Rg6 {[%emt 0:01:18]} 29. Qe3 {[%emt 0:00:26]} Nxd4 {[%emt 0:01:45]} 30. Rg1 {[%emt 0:01:11]} Nc2 {[%emt 0:11:01]} 31. Rxg6 {[%emt 0:00:06]} Qxg6 {[%emt 0:00:08]} 32. Qc1 {[%emt 0:00:36]} e3 {[%emt 0:07:27]} 33. Bxg7 {[%emt 0:02:23]} Qe4+ {[%emt 0:00:06]} 34. Kg1 {[%emt 0:00:08]} Qg4+ {[%emt 0:00:06]} 35. Kh1 {[%emt 0:00:31]} Qf3+ {[%emt 0:00:04]} 36. Kg1 {[%emt 0:00:07]} exf2+ {[%emt 0:00:23]} 37. Kf1 {[%emt 0:00:06]} Ne3+ {[%emt 0:00:22]} 38. Qxe3 {[%emt 0:00:08]} Qxe3 {[%emt 0:00:05]} 0-1

[Event "94th Tradewise Hastings Congress"]
[Site "Hastings"]
[Date "2019.01.05"]
[Round "9"]
[White "Anderson, John"]
[Black "Graham, Cassie M"]
[Result "1-0"]
[WhiteElo "2163"]
[BlackElo "1889"]
[Annotator "TA"]
[PlyCount "165"]
[EventDate "2018.12.28"]
[EventType "swiss"]
[EventCountry "ENG"]
[SourceTitle "playchess.com"]
[Source "ChessBase"]
[SourceQuality "1"]

{[%evp 18,165,43,3,19,25,30,15,20,28,33,27,22,0,0,-4,29,27,27,19,38,21,27,16,58,25,36,10,18,22,25,0,39,22,48,48,77,43,81,0,82,47,98,83,91,68,56,31,47,30,47,41,64,66,88,10,139,145,154,111,102,106,161,161,146,129,160,160,160,160,191,203,229,214,261,261,243,249,445,444,435,434,434,434,434,429,426,319,310,319,310,317,318,312,311,225,246,116,115,102,525,525,525,525,525,525,525,525,525,525,525,525,525,520,525,525,525,525,525,525,525,525,525,209,209,209,525,525,525,525,525,525,517,512,512,477,29978,29979,29983,1372,1150,451,29964,8,29989,29990,29992,29993,29996,29997]} 1. e4 c5 2. Nf3 d6 3. Bb5+ Bd7 4. Bxd7+ Qxd7 5. c4 Nf6 6. Nc3 g6 {B52: Sicilian: Moscow Variation with 3...Bd7} 7. d4 cxd4 8. Nxd4 Bg7 9. b3 (9. f3 O-O 10. Be3 Nc6 11. O-O a6 12. Qd3 Ne5 13. Qe2 Rac8 14. b3 b5 15. Nd5 Nxd5 16. cxd5 e6 17. dxe6 fxe6 18. Rad1 Nc6 19. Qd2 Nxd4 20. Bxd4 {½-½ (75) Kryvoruchko,Y (2692)-Yilmaz,M (2633) Heraklio 2017}) 9... O-O 10. Bb2 {LiveBook: 6 Games} a6 11. O-O Nc6 12. Nxc6 bxc6 13. Na4 Qc7 14. Qe2 Nd7 {[#]} 15. Rfd1 $146 ({Predecessor:} 15. Bxg7 Kxg7 16. f4 Qa5 17. Qe3 Rad8 18. Rad1 Rfe8 19. Rf2 {0-1 (49) Alsina Leal,D (2540)-Donchenko,A (2523) Groningen 2014}) 15... Bxb2 16. Qxb2 f5 17. Qd4 fxe4 18. Qxe4 Rf7 19. Rd2 Raf8 20. Qe3 Nf6 21. h3 Nh5 22. Nc3 Ng7 23. Ne4 Rf5 24. Ng3 R5f6 25. Re2 R6f7 26. Rae1 Rd8 27. Qc3 Qa7 28. Qe3 Qc7 29. Ne4 Nf5 (29... e5 $14) 30. Qd3 e5 31. Ng5 $36 {[%mdl 2048] aiming for Ne6. White has the initiative.} Re7 32. Nf3 Rde8 33. Qe4 Ng7 34. Rd1 Ne6 35. Red2 Nc5 36. Qh4 ({White should try} 36. Qe3 $16) 36... Nb7 (36... e4 $11 {remains equal.} 37. Nh2 Re6) 37. Ng5 $16 Rf8 38. g3 a5 39. Ne4 Re6 (39... Ref7 $16) 40. Qg4 $18 Qe7 41. h4 h6 42. Rd3 Kg7 43. R1d2 Rd8 44. a3 {[%cal Ba2a3,Ba3b4][%mdl 32]} Ra8 45. Qd1 Rd8 {[#]} 46. b4 $1 axb4 47. axb4 d5 $2 (47... Qe8 {keeps fighting.} 48. Nc5 (48. Nxd6 Rexd6 49. Rxd6 Rxd6 $16) 48... Nxc5 49. bxc5 Rd7 50. Rxd6 (50. cxd6 e4 $16) 50... Rde7) 48. cxd5 cxd5 49. Rxd5 Rxd5 50. Rxd5 Qxb4 51. Rd7+ Re7 {and the idea ...Nd8 leaves Black hopeful.} 52. Qd5 {Black must now prevent Qxe5+.} Kf8 53. Nf6 {[%csl Gf6][%cal Rd5g8]} Rxd7 54. Nxd7+ ({Less strong is} 54. Qxd7 Qe7 $16) 54... Ke7 55. Nxe5 Qb1+ 56. Kg2 {Threatening mate with Qd7+.} Nd6 57. Ng4 (57. Nc6+ $18 {has better winning chances.} Kd7 58. Ne5+ Ke7 59. g4) 57... Qf5 $16 58. Qd4 {And now Qg7+ would win.} Nf7 $2 {[%mdl 8192] [#]} (58... h5 $16) 59. Nxh6 $1 $18 {[%mdl 64] Decoy} Nxh6 60. Qe3+ {[%mdl 64] Double Attack} Kf7 61. Qxh6 {[%mdl 4096] Endgame KQ-KQ} Qd5+ 62. Kh2 Qa2 63. Qf4+ Kg7 64. g4 Qe2 65. Qd4+ Kf7 66. Kg3 Qf1 67. Qd5+ Kg7 68. g5 Qg1+ 69. Qg2 Qb1 70. Kh2 $2 (70. Qf3 Qb8+ 71. Qf4) 70... Qb4 71. Qg3 Qc5 $2 (71... Kg8 {is a better chance.} 72. Kh3 Qb1) 72. Qf4 Qc2 73. Qf6+ Kg8 {[#]} 74. h5 $1 Qc7+ (74... gxh5 75. Qe6+) 75. Kh3 Qc8+ 76. Kh4 Qc4+ (76... gxh5 $18 77. Qg6+ Kf8 78. Qxh5 Qc4+ 79. Kg3 Qf1 80. Qf3+ Kg7 81. Qf6+ Kh7 82. Qf7+ Kh8 83. Qf6+ Kg8 84. Qe6+ Kg7 85. Qe7+ Kg6 86. Qf6+ Kh7 87. Qh6+ Kg8 88. Qe6+ Kg7) 77. f4 gxh5 78. Qg6+ (78. g6 $142 Qc7 79. Kg5 Qc5+ 80. Kh6 Qf8+ 81. Qxf8+ Kxf8 82. g7+ Kf7 83. Kh7) 78... Kf8 79. Qf5+ (79. Qd6+ $142 Kg8 80. g6) 79... Kg8 (79... Kg7 $18 80. Qf6+ Kg8) 80. g6 $2 (80. Kxh5 {mates} Qe2+ 81. Kg6 Qc4 82. Qd7 Qa6+ 83. Kh5 Qe2+ 84. Kh6 Kf8 85. Qd8+ Qe8 86. Qxe8+ Kxe8 87. g6) 80... Qa2 $2 {[%mdl 8192]} (80... Kg7 $11) 81. Kg5 {White mates.} Qc4 82. Kh6 h4 83. Qe5 {Accuracy: White = 54%, Black = 29%.} 1-0

[Event "94th Tradewise Hastings Congress"]
[Site "Hastings"]
[Date "2019.01.05"]
[Round "9"]
[White "Groffen, Hans"]
[Black "Fryer, David W"]
[Result "1-0"]
[WhiteElo "2120"]
[BlackElo "1932"]
[Annotator "NA"]
[PlyCount "43"]
[EventDate "2018.12.28"]
[EventType "swiss"]
[EventCountry "ENG"]
[SourceTitle "playchess.com"]
[Source "ChessBase"]
[SourceQuality "1"]
[TimeControl "40/6000+30:3000+30"]

1. d4 {[%emt 0:00:00]} d5 {[%emt 0:00:00]} 2. c4 {[%emt 0:00:00]} e6 {[%emt 0:00:00]} 3. Nc3 {[%emt 0:00:00]} Nf6 {[%emt 0:00:00]} 4. cxd5 {[%emt 0:00:00]} exd5 {[%emt 0:00:08]} 5. Bg5 {[%emt 0:00:09]} Bf5 {[%emt 0:00:15]} 6. e3 {[%emt 0:03:51]} c6 {[%emt 0:00:16]} 7. Qf3 {[%emt 0:00:21]} Bg6 {[%emt 0:00:14]} 8. Bxf6 {[%emt 0:00:07]} Qxf6 {[%emt 0:00:16]} 9. Qxf6 {[%emt 0:00:06]} gxf6 {[%emt 0:00:11]} 10. Nf3 {[%emt 0:00:53]} Nd7 {[%emt 0:01:39]} 11. Nh4 {[%emt 0:00:31]} O-O-O {[%emt 0:01:29]} 12. f4 {[%emt 0:01:00]} h5 {[%emt 0:02:01]} 13. a3 {[%emt 0:04:42]} Re8 {[%emt 0:04:38]} 14. Kf2 {[%emt 0:00:19]} Nb6 {[%emt 0:02:44]} 15. b4 {[%emt 0:01:15]} Kb8 {[%emt 0:04:20]} 16. Be2 {[%emt 0:01:38]} Be4 {[%emt 0:04:30]} 17. Nxe4 {[%emt 0:00:38]} dxe4 {[%emt 0:00:39]} 18. Nf5 {[%emt 0:00:28]} h4 {[%emt 0:02:08]} 19. g4 {[%emt 0:01:45]} Nd5 {[%emt 0:02:54]} 20. h3 {[%emt 0:01:00]} Ne7 {[%emt 0:01:58]} 21. Nd6 {[%emt 0:00:19]} Nd5 {[%emt 0:00:19]} 22. Nxe8 {[%emt 0:00:18]} 1-0

[Event "94th Tradewise Hastings Congress"]
[Site "Hastings"]
[Date "2019.01.05"]
[Round "9"]
[White "Rolvag, Mikael"]
[Black "Salmons, Calum"]
[Result "1-0"]
[WhiteElo "2107"]
[BlackElo "1905"]
[Annotator "NA"]
[PlyCount "80"]
[EventDate "2018.12.28"]
[EventType "swiss"]
[EventCountry "ENG"]
[SourceTitle "playchess.com"]
[Source "ChessBase"]
[SourceQuality "1"]
[TimeControl "40/6000+30:3000+30"]

1. e4 {[%emt 0:00:00]} c5 {[%emt 0:00:00]} 2. Nc3 {[%emt 0:00:00]} Nc6 {[%emt 0:00:00]} 3. g3 {[%emt 0:00:00]} g6 {[%emt 0:00:09]} 4. Bg2 {[%emt 0:00:00]} Bg7 {[%emt 0:00:08]} 5. d3 {[%emt 0:00:00]} d6 {[%emt 0:00:15]} 6. Be3 {[%emt 0:01:22]} e6 {[%emt 0:00:59]} 7. Qd2 {[%emt 0:02:18]} Nge7 {[%emt 0:02:57]} 8. Bh6 {[%emt 0:04:06]} O-O {[%emt 0:05:46]} 9. h4 {[%emt 0:01:28]} f6 {[%emt 0:02:24]} 10. Bxg7 {[%emt 0:02:02]} Kxg7 {[%emt 0:00:13]} 11. Nge2 {[%emt 0:00:02]} d5 {[%emt 0:04:57]} 12. exd5 {[%emt 0:02:53]} Nxd5 {[%emt 0:01:05]} 13. O-O {[%emt 0:01:19]} Nce7 {[%emt 0:10:56]} 14. Ne4 {[%emt 0:03:43]} Qc7 {[%emt 0:06:48]} 15. c4 {[%emt 0:06:02]} Nb4 {[%emt 0:01:25]} 16. a3 {[%emt 0:02:49]} Na6 {[%emt 0:05:29]} 17. b4 {[%emt 0:01:38]} cxb4 {[%emt 0:03:32]} 18. axb4 {[%emt 0:01:20]} e5 {[%emt 0:05:02]} 19. Ra3 {[%emt 0:18:29]} Bf5 {[%emt 0:08:21]} 20. Rfa1 {[%emt 0:07:02]} Rad8 {[%emt 0:07:17]} 21. N2c3 {[%emt 0:14:17]} Bxe4 {[%emt 0:13:04]} 22. Nxe4 {[%emt 0:01:25]} f5 {[%emt 0:03:11]} 23. Ng5 {[%emt 0:00:47]} Rf6 {[%emt 0:01:02]} 24. Qb2 {[%emt 0:02:44]} h6 {[%emt 0:11:02]} 25. Nf3 {[%emt 0:00:43]} e4 {[%emt 0:00:53]} 26. dxe4 {[%emt 0:01:15]} Qxc4 {[%emt 0:01:15]} 27. b5 {[%emt 0:04:08]} Nc7 {[%emt 0:05:08]} 28. Rc1 {[%emt 0:02:16]} Qxb5 {[%emt 0:01:13]} 29. Rb3 {[%emt 0:00:30]} Qa5 {[%emt 0:01:53]} 30. Rxb7 {[%emt 0:00:26]} Rc8 {[%emt 0:01:23]} 31. exf5 {[%emt 0:03:35]} gxf5 {[%emt 0:02:20]} 32. Ra1 {[%emt 0:05:00]} Qc5 {[%emt 0:01:30]} 33. Raxa7 {[%emt 0:00:10]} Ned5 {[%emt 0:01:17]} 34. Qe5 {[%emt 0:01:51]} Qc1+ {[%emt 0:01:07]} 35. Kh2 {[%emt 0:00:17]} Kg6 {[%emt 0:02:11]} 36. Qd4 {[%emt 0:02:01]} Re6 {[%emt 0:00:45]} 37. Ne5+ {[%emt 0:00:36]} Rxe5 {[%emt 0:00:34]} 38. Qxe5 {[%emt 0:00:14]} Re8 {[%emt 0:00:23]} 39. Ra6+ {[%emt 0:01:10]} Kh7 {[%emt 0:00:54]} 40. Qxe8 {[%emt 0:00:42]} Ne7 {[%emt 0:00:31]} 1-0

[Event "94th Tradewise Hastings Congress"]
[Site "Hastings"]
[Date "2019.01.05"]
[Round "9"]
[White "Willson, Ollie"]
[Black "Boswell, Jacob Connor"]
[Result "1/2-1/2"]
[WhiteElo "2081"]
[BlackElo "1858"]
[Annotator "NA"]
[PlyCount "98"]
[EventDate "2018.12.28"]
[EventType "swiss"]
[EventCountry "ENG"]
[SourceTitle "playchess.com"]
[Source "ChessBase"]
[SourceQuality "1"]
[TimeControl "40/6000+30:3000+30"]

1. d4 {[%emt 0:00:00]} Nf6 {[%emt 0:00:00]} 2. c4 {[%emt 0:00:00]} e6 {[%emt 0:00:00]} 3. Nf3 {[%emt 0:00:00]} d5 {[%emt 0:00:02]} 4. g3 {[%emt 0:00:00]} Be7 {[%emt 0:00:08]} 5. Bg2 {[%emt 0:00:07]} O-O {[%emt 0:00:18]} 6. O-O {[%emt 0:00:09]} dxc4 {[%emt 0:00:06]} 7. Qc2 {[%emt 0:00:16]} a6 {[%emt 0:00:14]} 8. a4 {[%emt 0:00:04]} Bd7 {[%emt 0:00:09]} 9. Qxc4 {[%emt 0:00:07]} Bc6 {[%emt 0:02:22]} 10. Bf4 {[%emt 0:01:25]} Nbd7 {[%emt 0:04:44]} 11. Nc3 {[%emt 0:03:53]} Bd6 {[%emt 0:08:06]} 12. Bd2 {[%emt 0:10:11]} e5 {[%emt 0:05:56]} 13. dxe5 {[%emt 0:12:43]} Bxe5 {[%emt 0:05:21]} 14. Rfd1 {[%emt 0:07:15]} Qe7 {[%emt 0:04:01]} 15. Nxe5 {[%emt 0:09:32]} Nxe5 {[%emt 0:00:47]} 16. Qf4 {[%emt 0:07:32]} Bxg2 {[%emt 0:06:41]} 17. Kxg2 {[%emt 0:00:49]} Rfe8 {[%emt 0:01:42]} 18. Qf5 {[%emt 0:15:51]} c6 {[%emt 0:15:47]} 19. Bg5 {[%emt 0:02:07]} Ned7 {[%emt 0:08:40]} 20. Rd4 {[%emt 0:06:50]} h6 {[%emt 0:02:53]} 21. Bf4 {[%emt 0:04:52]} Qc5 {[%emt 0:04:08]} 22. Qd3 {[%emt 0:09:19]} Ne5 {[%emt 0:03:28]} 23. Bxe5 {[%emt 0:00:34]} Qxe5 {[%emt 0:01:28]} 24. Rd1 {[%emt 0:02:00]} Re7 {[%emt 0:04:48]} 25. Qc4 {[%emt 0:03:30]} Rae8 {[%emt 0:02:25]} 26. e3 {[%emt 0:01:43]} Re6 {[%emt 0:05:09]} 27. b4 {[%emt 0:00:47]} b5 {[%emt 0:04:58]} 28. Qd3 {[%emt 0:01:36]} g6 {[%emt 0:01:31]} 29. Ne2 {[%emt 0:02:11]} c5 {[%emt 0:03:39]} 30. bxc5 {[%emt 0:00:26]} Qxc5 {[%emt 0:00:12]} 31. Nf4 {[%emt 0:00:54]} Re4 {[%emt 0:00:06]} 32. axb5 {[%emt 0:02:00]} Rxd4 {[%emt 0:01:50]} 33. Qxd4 {[%emt 0:03:35]} Qxd4 {[%emt 0:00:22]} 34. Rxd4 {[%emt 0:00:47]} axb5 {[%emt 0:01:50]} 35. Rd6 {[%emt 0:01:27]} Kg7 {[%emt 0:01:18]} 36. Rb6 {[%emt 0:00:52]} Re5 {[%emt 0:01:10]} 37. Kf3 {[%emt 0:00:40]} h5 {[%emt 0:01:33]} 38. Nd3 {[%emt 0:00:49]} Rd5 {[%emt 0:01:52]} 39. Nf4 {[%emt 0:01:11]} Rf5 {[%emt 0:00:40]} 40. h4 {[%emt 0:00:59]} Nd5 {[%emt 0:06:40]} 41. Rxb5 {[%emt 0:08:19]} Nxe3 {[%emt 0:00:36]} 42. Rb7 {[%emt 0:01:08]} Nd5 {[%emt 0:00:32]} 43. Rb5 {[%emt 0:00:44]} Ne7 {[%emt 0:00:25]} 44. Rxf5 {[%emt 0:01:08]} Nxf5 {[%emt 0:00:09]} 45. Ke4 {[%emt 0:00:33]} Kf6 {[%emt 0:01:02]} 46. Nd5+ {[%emt 0:03:21]} Ke6 {[%emt 0:00:43]} 47. Nc7+ {[%emt 0:01:26]} Kd6 {[%emt 0:02:02]} 48. Nb5+ {[%emt 0:00:47]} Ke6 {[%emt 0:00:12]} 49. Kf4 {[%emt 0:00:29]} Kf6 {[%emt 0:00:47]} 1/2-1/2

[Event "94th Tradewise Hastings Congress"]
[Site "Hastings"]
[Date "2019.01.05"]
[Round "9"]
[White "Sugden, John N"]
[Black "Pitschka, Claus"]
[Result "1-0"]
[WhiteElo "2072"]
[BlackElo "2241"]
[Annotator "NA"]
[PlyCount "77"]
[EventDate "2018.12.28"]
[EventType "swiss"]
[EventCountry "ENG"]
[SourceTitle "playchess.com"]
[Source "ChessBase"]
[SourceQuality "1"]
[TimeControl "40/6000+30:3000+30"]

1. d4 {[%emt 0:00:00]} d6 {[%emt 0:09:08]} 2. e4 {[%emt 0:00:59]} Nf6 {[%emt 0:00:10]} 3. Nc3 {[%emt 0:00:42]} Nbd7 {[%emt 0:00:09]} 4. Nf3 {[%emt 0:01:54]} e5 {[%emt 0:00:23]} 5. Bc4 {[%emt 0:01:22]} Be7 {[%emt 0:00:49]} 6. O-O {[%emt 0:02:12]} O-O {[%emt 0:03:08]} 7. a4 {[%emt 0:02:24]} c6 {[%emt 0:01:44]} 8. Bb3 {[%emt 0:07:27]} b6 {[%emt 0:08:18]} 9. Re1 {[%emt 0:02:01]} a6 {[%emt 0:01:07]} 10. h3 {[%emt 0:08:13]} Bb7 {[%emt 0:03:25]} 11. dxe5 {[%emt 0:14:04]} dxe5 {[%emt 0:03:00]} 12. Be3 {[%emt 0:03:06]} b5 {[%emt 0:05:34]} 13. axb5 {[%emt 0:18:37]} axb5 {[%emt 0:00:14]} 14. Rxa8 {[%emt 0:02:25]} Qxa8 {[%emt 0:03:10]} 15. Nd2 {[%emt 0:04:52]} Bc5 {[%emt 0:08:08]} 16. Bxc5 {[%emt 0:04:47]} Nxc5 {[%emt 0:00:15]} 17. Qe2 {[%emt 0:00:44]} Qd8 {[%emt 0:23:53]} 18. Rd1 {[%emt 0:09:51]} Qe7 {[%emt 0:03:03]} 19. f3 {[%emt 0:03:43]} b4 {[%emt 0:05:11]} 20. Na4 {[%emt 0:02:55]} Ncd7 {[%emt 0:06:04]} 21. Bc4 {[%emt 0:02:34]} Nh5 {[%emt 0:01:36]} 22. Qf2 {[%emt 0:01:06]} Nf4 {[%emt 0:02:36]} 23. Nf1 {[%emt 0:01:34]} Bc8 {[%emt 0:03:57]} 24. Kh2 {[%emt 0:01:44]} Re8 {[%emt 0:03:40]} 25. b3 {[%emt 0:01:28]} Nf8 {[%emt 0:01:09]} 26. Nc5 {[%emt 0:02:17]} N8g6 {[%emt 0:01:37]} 27. Nd3 {[%emt 0:01:06]} Rd8 {[%emt 0:02:33]} 28. Rd2 {[%emt 0:01:00]} Nxd3 {[%emt 0:03:39]} 29. Rxd3 {[%emt 0:00:46]} Rxd3 {[%emt 0:01:58]} 30. Bxd3 {[%emt 0:00:08]} h5 {[%emt 0:00:10]} 31. Ng3 {[%emt 0:02:26]} Nf4 {[%emt 0:02:41]} 32. Bf1 {[%emt 0:01:09]} Qd6 {[%emt 0:00:42]} 33. Qe3 {[%emt 0:04:18]} Qd1 {[%emt 0:02:05]} 34. Bd3 {[%emt 0:00:54]} Nxd3 {[%emt 0:00:57]} 35. cxd3 {[%emt 0:00:16]} Qxb3 {[%emt 0:00:34]} 36. Nxh5 {[%emt 0:00:41]} Qe6 {[%emt 0:00:39]} 37. Qg5 {[%emt 0:00:36]} g6 {[%emt 0:00:06]} 38. Qd8+ {[%emt 0:01:00]} Kh7 {[%emt 0:00:16]} 39. Nf6+ {[%emt 0:00:30]} 1-0

[Event "94th Tradewise Hastings Congress"]
[Site "Hastings"]
[Date "2019.01.05"]
[Round "9"]
[White "Nettleton, Charlie B"]
[Black "Petrov, Vladimir Sergeev"]
[Result "0-1"]
[WhiteElo "2059"]
[BlackElo "2365"]
[Annotator "TA"]
[PlyCount "90"]
[EventDate "2018.12.28"]
[EventType "swiss"]
[EventCountry "ENG"]
[SourceTitle "playchess.com"]
[Source "ChessBase"]
[SourceQuality "1"]

{[%evp 21,90,39,47,-33,95,42,100,86,79,76,76,80,77,72,86,62,56,57,64,14,50,50,39,43,43,38,45,18,19,17,49,37,105,11,20,0,0,-15,0,0,0,-310,-291,-254,-290,-290,-289,-276,-263,-245,-248,-329,-311,-330,-329,-329,-318,-296,-182,-302,-287,-296,-294,-363,-360,-525,-520,-508,-486,-812,-807]} 1. e4 c5 2. Nf3 d6 3. d4 cxd4 4. Nxd4 Nf6 5. Nc3 a6 6. h3 e5 7. Nde2 h5 {B90: Sicilian Najdorf: Unusual White 6th moves, 6 Be3 Ng4 and 6 Be3 e5} 8. g3 Be6 9. Bg2 Nbd7 10. a4 {[%cal Ba2a4,Ba4a5][%mdl 32]} Rc8 11. Be3 Nb6 {LiveBook: 4 Games} 12. b3 (12. O-O $14) 12... Be7 (12... d5 $15 {stays ahead.} 13. Bxb6 Qxb6) 13. O-O {[#]} (13. a5 $16 Na8 14. f4) 13... O-O $146 (13... d5 $14) ({Predecessor:} 13... d5 14. Bxb6 Qxb6 15. Nxd5 Nxd5 16. exd5 {0-1 (35) Caruana,F (2820)-Vachier Lagrave,M (2757) Wijk aan Zee 2015}) 14. a5 $16 Na8 15. Nd5 Nxd5 16. exd5 Bf5 17. c4 Bg5 18. Qd2 (18. f4 {seems wilder.} Bh6 19. Ba7 exf4 20. Nxf4 h4 21. g4) 18... Bxe3 19. Qxe3 Nc7 20. b4 Qd7 21. Kh2 Ne8 22. Rfc1 Nf6 23. Bf1 h4 24. Nc3 hxg3+ 25. fxg3 Kh7 26. Qg5 {Na4 is the strong threat.} Rh8 (26... Rce8 $14) 27. g4 (27. Na4 $1 $16 {[%cal Ra4b6]} Ne4 28. Qe3) 27... Bg6 $11 28. Be2 Kg8 29. Rf1 Nh7 {[%cal Bf6h7,Bh7g5,Bg5e4][%mdl 32]} 30. Qe3 $1 Qe7 {And now ...Ng5 would win.} 31. Ne4 $2 {[%mdl 8192]} (31. Rg1 $11 {and White has nothing to worry.}) 31... Bxe4 $1 $19 {[%mdl 64] Overworked Piece} 32. Qxe4 Ng5 $1 {[%csl LRe4,LRh3][%mdl 64] Double Attack, Discovered Attack} 33. Qf5 Rxh3+ 34. Kg2 Re8 35. c5 {Strongly threatening cxd6.} Re3 (35... dxc5 36. d6 $1 $11 {[%mdl 512]}) 36. Ra2 {If only White now had time for cxd6....} Ne4 {( -> ...Rg3+)} (36... dxc5 $2 37. d6 $1 $19 {[%mdl 512]}) 37. Rf3 g6 38. cxd6 Nxd6 ({Weaker is} 38... gxf5 39. dxe7 Rxf3 40. Kxf3 $11 (40. Bxf3 Nd6 $11)) 39. Qf6 {Threatens to win with Qxe7.} Rxf3 40. Qxf3 (40. Qxe7 $142 Rg3+ 41. Kxg3 Rxe7 42. Bd3) 40... Rc8 41. Qe3 Kg7 42. Ra1 Nc4 43. Qc3 (43. Qe4 {was necessary.} f5 44. gxf5 gxf5 45. Qf3 Qg5+ 46. Qg3 Ne3+ {[%mdl 64] Double Attack} 47. Kf2 Qxg3+ 48. Kxg3) 43... Qg5 {Hoping for ...Ne3+.Black is clearly winning.} 44. Bxc4 {and the idea Rc1 leaves White hopeful.} Qxg4+ {[%mdl 64] Double Attack} 45. Kf2 (45. Qg3 $142 Qe4+ 46. Qf3 Qxc4 47. Re1) 45... Qf4+ {Accuracy: White = 44%, Black = 46%.} (45... Rxc4 $2 46. Qxe5+ Kf8 47. Qh8+ Ke7 48. Re1+ Re4 {[#]} 49. d6+ $1 {[%mdl 512]} Kd7 50. Rxe4 $19) 0-1